000
00231nam a2200097Ia 4500
008
190216s9999||||xx |||||||||||||| ||und||
100
_a
Gupta
245
0
_a
Basic Statitics For Business Economics
260
_b
S Chand & Co
942
_c
BK
999
_c
9295
_d
9295